芬达&美年达中国各口味 Fanta & Mirinda China flavors - Statistics

General Stats
  • This quiz has been taken 108 times
  • The average score is 9 of 14
Answer Stats
品牌 口味 % Correct
芬达 橙味
100%
美年达 橙味
100%
芬达 葡萄味
96%
美年达 葡萄味
96%
美年达 青苹果味
93%
芬达 苹果味
92%
芬达 西瓜味
83%
美年达 西瓜味
83%
芬达 水蜜桃味
73%
美年达 百香果菠萝味
51%
美年达 白凤蜜桃味
39%
芬达 茉莉蜜桃味
15%
美年达 百香果青椰味
13%
芬达 无糖橙味
8%
No matching quizzes found
Score Distribution
Percent of People with Each Score
Percentile by Number Answered
Your Score History
You have not taken this quiz